The snow kid (Record no. 21675)

000 -LEADER
fixed length control field 00435nam a22001457a 4500
003 - CONTROL NUMBER IDENTIFIER
control field OSt
005 - DATE AND TIME OF LATEST TRANSACTION
control field 20260121135845.0
008 - FIXED-LENGTH DATA ELEMENTS--GENERAL INFORMATION
fixed length control field 260120b xxu||||| |||| 00| 0 eng d
020 ## - INTERNATIONAL STANDARD BOOK NUMBER
International Standard Book Number 958899560614
040 ## - CATALOGING SOURCE
Transcribing agency csu
245 ## - TITLE STATEMENT
Title The snow kid
260 ## - PUBLICATION, DISTRIBUTION, ETC. (IMPRINT)
Place of publication, distribution, etc [Place of publication not identified]:
Name of publisher, distributor, etc [name of publisher not identified],
Date of publication, distribution, etc [date of publication not identified].
300 ## - PHYSICAL DESCRIPTION
Extent 20 pages:
Other physical details color illustrations.
942 ## - ADDED ENTRY ELEMENTS (KOHA)
Koha item type Books
Source of classification or shelving scheme
Holdings
Source of acquisition Permanent Location Date last seen Not for loan Date acquired Koha item type Collection code Shelving location Barcode Damaged status Lost status Withdrawn status Current Location Full call number
DonationsCagayan State University - Carig Library2026-01-20 2026-01-20BooksChildren SectionChildren SectionC000515   Cagayan State University - Carig LibraryCS C515 S6747

Cagayan State University University Library, Carig Campus
Tuguegarao City, Cagayan 3500 | www.csucarig.edu.ph

Powered by Koha